| 000 | 01822cam a22004814i 4500 | ||
|---|---|---|---|
| 003 | PE-LiUPU | ||
| 005 | 20250731172836.0 | ||
| 008 | 150825s2014 miu rb 000 0 eng d | ||
| 020 | _a9780825425516 | ||
| 035 | _a(Sirsi) i9780825425516 | ||
| 040 |
_aPE-LiUPU _bspa _cPE-LiUPU _erda |
||
| 049 | _aPRUA | ||
| 082 | 0 | 4 |
_a222.1207 _bG25 _223 |
| 100 | 1 |
_aGarrett, Duane A., _eautor. |
|
| 245 | 1 | 2 |
_aA commentary on Exodus / _cDuane A. Garrett. |
| 264 | 1 |
_aGrand Rapids : _bKregel, _c2014. |
|
| 300 |
_a741 páginas ; _c23 centímetros. |
||
| 336 |
_atext _2rdacontent |
||
| 337 |
_aunmediated _2rdamedia |
||
| 338 |
_avolume _2rdacarrier |
||
| 490 | 0 | _aKregel exegetical library | |
| 504 | _aBibliografía : páginas 723-741. | ||
| 505 | 0 | _aUntil Moses (1:1-2:10) -- An unlikely savior (2:11-7:7) --The twelve miracles of the exodus (7:8-15:21) -- The journey to God (15:22-19:25) -- The Sinai covenant (20:1-24:11) -- The worship of God (24:12-31:18) -- Sin and restoration (32:1-40:38). | |
| 526 | _aSEG42 | ||
| 526 | _aSEG41 | ||
| 526 | _aSEG40 | ||
| 526 | _aSEG39 | ||
| 526 | _aP94 | ||
| 526 | _aP87 | ||
| 526 | _aP86 | ||
| 526 | _aP85 | ||
| 526 | _aP77 | ||
| 526 | _aP76 | ||
| 526 | _aP35 | ||
| 630 | 0 | 4 |
_aBiblia. _pA.T. _pExodo _vComentarios. |
| 910 |
_acce _bjvq _ccce _d20150825 |
||
| 942 |
_2ddc _cBOOK |
||
| 949 |
_aPGT 222.1207 G25 _wDEWEY _c1 _i71984 _d2016-11-4 _e2016-11-2 _lCCODEBUL1 _mBUL _n3 _p40.00 _r0 _sY _tBOOK _u2015-8-25 _xTEOLOGIA _PP85 _0COMPRA _o.STAFF. Posgrado |
||
| 994 |
_aC0 _bPEPRU |
||
| 596 | _a1 | ||
| 999 |
_aPGT 222.1207 G25 _wDEWEY _c7115 _i71984 _d7115 _e2022-6-30 _f2021-11-9 _g5 _lCCODEBUL1 _mBUL _n6 _p40.00 _q1 _r0 _sY _tBOOK _u2015-8-25 _xTEOLOGIA _PP85 _0COMPRA _o.STAFF. Colección Teología |
||
| 980 |
_81 _gALBERTO SANCHEZ Responsable de Automatización |
||